000 00917nam a2200277 a 4500
001 24424
003 CO-ViMGA
008 141112s2004 ck r 000 u spa d
020 _a9789581413560
040 _aCO-ViMGA
_bspa
_cCO-ViMGA
041 _aSPA
090 _aA CUT1
100 1 _aCutbill, Andy, 1972 -
_936054
245 1 0 _aLa vaca que puso un huevo /
_cAndy Cutbill ; ilustrado po Russel Ayto ; traducción José Morán Ortí
250 _a1a ed.
260 _aBogotá :
_bRBA.,
_c2011
300 _a30 p. : il. col.
650 1 4 _aANIMALES DE LA GRANJA - LIBROS DE IMAGENES
_936055
650 1 4 _aCONFLICTOS DE IDENTIDAD - LIBROS DE IMAGENES
_936056
650 1 4 _aHUMOR - LIBROS DE IMAGENES
_936057
650 1 4 _aLEER ES MI CUENTO - COLECCION 2011
_936058
650 1 4 _aLITERATURA
_92198
650 1 4 _aSOLIDARIDAD - LIBROS DE IMAGENES
_936059
700 1 _aAyto, Russell
_936060
942 _2ddc
_cBK
999 _c2321
_d2321